| 000 | 01031cam a2200229 4500 | ||
|---|---|---|---|
| 001 | ##L133882 | ||
| 008 | 060615n2006 000 0 eng u | ||
| 035 | _a(Sirsi) u133882 | ||
| 041 | 1 |
_ager _aeng |
|
| 110 | 2 |
_aInvestment Property Databank _92288 |
|
| 245 | 0 | 0 | _aDIX German property index |
| 260 |
_aLondon _bIPD _c2006 |
||
| 490 | 0 | _aDIX German Property Index | |
| 520 | _aMeasures unleveraged returns on direct investments held through the year. Includes figures for total return, income return, capital growth, rental growth, rental value growth, and gross initial yield for all property, retail, office, residential, and mixed retail/office for 2001 to 2005. Tables. | ||
| 590 | _aIKA200606 | ||
| 650 | 2 | 4 | _aDIX GERMAN PROPERTY INDEX |
| 651 | 4 | _aGERMANY | |
| 690 | _aPROPERTY-PROPERTY FINANCE AND INVESTMENT-PROPERTY INVESTMENT PERFORMANCE MEASUREMENT | ||
| 710 | 2 |
_aDeutsche Immobilien Datenbank _94957 |
|
| 856 | 4 | 0 |
_uhttps://www.ipdglobal.com/ _zView the item free of charge at www.ipdglobal.com... |
| 942 | _n0 | ||
| 999 |
_c105495 _d105495 |
||